Normal view
MARC view
- Self-actualization (Psychology)
Entry Topical Term
001 - CONTROL NUMBER
- control field: 42272
003 - CONTROL NUMBER IDENTIFIER
- control field: KE-NaSUL
005 - DATE AND TIME OF LATEST TRANSACTION
- control field: 20250825151711.0
008 - FIXED-LENGTH DATA ELEMENTS
- fixed length control field: 250825|| aca||aabn | a|a d
040 ## - CATALOGING SOURCE
- Original cataloging agency: KE-NaSUL
- Transcribing agency: KE-NaSUL
150 ## - HEADING--TOPICAL TERM
- Topical term or geographic name as entry element: Self-actualization (Psychology)
- General subdivision: Humor
670 ## - SOURCE DATA FOUND
- Source citation: Work cat.: (KE-NaSUL)24016: Percy, Walker, 1916-1990. 21959, Lost in the cosmos :, c1983.